000
00326nam a2200133Ia 4500
008
100328s9999 xx 000 0 und d
082
_b
31410
100
_a
थोर अशोक
245
_a
निर्णय
260
_b
मधुर
630
_a
निर्णय
730
_a
निर्णय
942
_c
BOOK
999
_c
522322
_d
522319